LIBRARY ONLINE CATALOGUE

Management basics : (Record no. 11130)

MARC details
000 -LEADER
fixed length control field 00602nam a22002052 4500
001 - CONTROL NUMBER
control field 0000013574
005 - DATE AND TIME OF LATEST TRANSACTION
control field 20151217154418.0
008 - FIXED-LENGTH DATA ELEMENTS--GENERAL INFORMATION
fixed length control field 090924s xx 000 0 eng d
020 ## - INTERNATIONAL STANDARD BOOK NUMBER
International Standard Book Number 1598697021 :
040 ## - CATALOGING SOURCE
Original cataloging agency KABU
Transcribing agency KABU
100 1# - MAIN ENTRY--PERSONAL NAME
Personal name Gurvis, Sandra.
-- 0000171024
245 10 - TITLE STATEMENT
Title Management basics :
Remainder of title a practica guide for managers /
Statement of responsibility, etc. Sandra Gurvis.
250 ## - EDITION STATEMENT
Edition statement 2nd ed.
260 ## - PUBLICATION, DISTRIBUTION, ETC. (IMPRINT)
Place of publication, distribution, etc. Avon, MA. :
Name of publisher, distributor, etc. Adams Business,
Date of publication, distribution, etc. 2008.
300 ## - PHYSICAL DESCRIPTION
Extent xiii, 210 p.
650 #0 - SUBJECT ADDED ENTRY--TOPICAL TERM
Topical term or geographic name as entry element Management.
-- 0000083920
852 1# - LOCATION
-- p1039 KES
908 ## - PUT COMMAND PARAMETER (RLIN)
Put command parameter 090924
950 ## - LOCAL HOLDINGS (RLIN)
-- 1
Holdings
Withdrawn status Lost status Source of classification or shelving scheme Not for loan Home library Current library Date acquired Total Checkouts Full call number Barcode Date last seen Date last checked out Price effective from Koha item type
    Library of Congress Classification   Kabarak, Main Campus Kabarak, Main Campus 17/12/2015 1 HD31 .G87 2008 c. 1 18145 02/08/2024 12/06/2023 17/12/2015 General Collection